| 000 | 01799nam a2200313 i 4500 | ||
|---|---|---|---|
| 001 | 000047933 | ||
| 003 | DO-SdBNP | ||
| 005 | 20240228142033.0 | ||
| 008 | 181004s2018 dr r 000 0 spa d | ||
| 020 | _a9789945472912 | ||
| 040 |
_aDO-SdBNP _bspa _cBNPHU _erda |
||
| 082 |
_aRD860.9 _bM827m _222 |
||
| 100 | 1 |
_aMora Serrano, Manuel, _c1933- _eautor _95162 |
|
| 245 | 1 | 0 |
_aModernisno y criollismo en Santo Domingo en el siglo XIX : _bla turba letrada y los mitos literarios / _cManuel Mora Serrano. |
| 264 |
_aSanto Domingo : _bIntec, _c2018. |
||
| 300 |
_a208 paginas ; _c23 cm. |
||
| 336 |
_2rdacontent _atexto _btxt |
||
| 337 |
_2rdamedia _asin mediación _bn |
||
| 338 |
_2rdacarrier _avolumen _bnc |
||
| 500 | _aIncluye datos biográficos del autor en la solapa de la cubierta | ||
| 500 | _aIncluye índice onomástico | ||
| 504 | _aBibliografía : p. 195-197 | ||
| 505 | _aORÍGENES DEL MODERNISMO HISPANOAMERICANO. EL MODERNISMO EN SANTO DOMINGO EN EL SIGLO XIX -- Bases del modernismo hispanoamericano 25 -- El modernismo hispanoamericano (introducción) 43 -- Modernismo en Santo Domingo en el siglo XIX 61 -- El modernismo propiamente dicho en Santo Domingo y en otros paíes 83 -- EL CRIOLLISMO MODERNISTA Y ANTI MODERNISTA; RUBÉN DARÍO AYUDA A CREAR UN NUEVO CRIOLLISMO -- Preámbulo al criollismo 135 -- El criollismo durante el romanticismo 139 -- Rubén Darío instigador del nuevo criollismo 141 -- El criollismo contra y modernista 145 -- Conclusiones finales sobre modernismo y criollismo a fines del siglo XIX 161 -- Conclusiones del criollismo en Santo Domingo a fines del siglo XIX 165 | ||
| 590 | _aInventariado, 2020/BT | ||
| 650 | 4 |
_aModernismo (Literatura) _9834 |
|
| 650 | 4 |
_aLiteratura dominicana _xHistoria y crítica _9159 |
|
| 910 | _aBT | ||
| 942 |
_2ddc _cLBS1 |
||
| 999 |
_c47421 _d47421 |
||